Централизованное теплоснабжение (Запись № 12237190)

Подробности
000 -МАРКЕР
контрольное поле 02194nam0a2200313 4500
001 - ИДЕНТИФИКАТОР ЗАПИСИ
контрольное поле RU\NLR\BIBL_A\012170002
005 - ИДЕНТИФИКАТОР ВЕРСИИ
контрольное поле 20200110115422.0
010 ## - МЕЖДУНАРОДНЫЙ СТАНДАРТНЫЙ НОМЕР КНИГИ (ISBN)
Номер (ISBN) 978-5-7513-2695-1
Тираж 50
021 ## - НОМЕР ГОСУДАРСТВЕННОЙ РЕГИСТРАЦИИ
Код страны Российская Федерация
Номер КН-П-19-088150
Номер Листа государственной регистраци КН-П-19-6432
035 ## - ДРУГИЕ СИСТЕМНЫЕ НОМЕРА
Идентификатор записи (NLR Aleph) 012170002
035 ## - ДРУГИЕ СИСТЕМНЫЕ НОМЕРА
Идентификатор записи (RuMoRGB)010160295
100 ## - ДАННЫЕ ОБЩЕЙ ОБРАБОТКИ
Данные общей обработки 20191223d2019 u y0rusy50 ca
101 0# - ЯЗЫК РЕСУРСА
Язык текста, звукозаписи и т.д. русский
102 ## - СТРАНА ПУБЛИКАЦИИ ИЛИ ПРОИЗВОДСТВА
Страна публикации Российская Федерация
105 ## - ПОЛЕ КОДИРОВАННЫХ ДАННЫХ: ТЕКСТОВЫЕ МАТЕРИАЛЫ, МОНОГРАФИЧЕСКИЕ
Кодированные данные о монографическом текстовом документе a|||z|||000zy
200 1# - ЗАГЛАВИЕ И СВЕДЕНИЯ ОБ ОТВЕТСТВЕННОСТИ
Основное заглавие Централизованное теплоснабжение
Сведения, относящиеся к заглавию учебное пособие
-- [для студентов направления подготовки "Строительство" по профилям "Теплогазоснабжение и вентиляция", "Энергоэффективность и экологичность зданий", магистрантов по направлению подготовки "Энергосбережение и энергоэффек в зданиях"]
Первые сведения об ответственности В. Н. Иванов, А. Н. Колодезникова
Последующие сведения об ответственности Министерство науки и высшего образования Российской Федерации, Северо-Восточный федеральный университет имени М. К. Аммосова, Инженерно-технический институт
210 ## - ПУБЛИКАЦИЯ, РАСПРОСТРАНЕНИЕ И ДР.
Место издания, распространения и т.д. Якутск
Имя издателя, распространителя и т. д. Издательский дом Северо-Восточного федерального университета
Дата издания, распространения и т.д. 2019
215 ## - ФИЗИЧЕСКАЯ ХАРАКТЕРИСТИКА
Специфическое обозначение материала и объем 83 с.
Другие сведения о физической характеристике ил., табл.
Размеры 21
320 ## - ПРИМЕЧАНИЯ О НАЛИЧИИ В ДОКУМЕНТЕ БИБЛИОГРАФИИ / УКАЗАТЕЛЯ
Текст примечания Библиогр.: с. 82 (10 назв.)
606 1# - НАИМЕНОВАНИЕ ТЕМЫ КАК ПРЕДМЕТ
Наименование темы Теплоснабжение централизованное
Формальный подзаголовок Учебные издания для высших учебных заведений
Системный номер авторитетной/нормативной записи 2349529
Идентификатор авторитетной/нормативной записи RU\NLR\AUTH\661403792
686 1# - ИНДЕКСЫ ДРУГИХ КЛАССИФИКАЦИЙ
Индекс З383я73-1
700 #1 - ИМЯ ЛИЦА - ПЕРВИЧНАЯ ОТВЕТСТВЕННОСТЬ
Начальный элемент ввода Иванов
Часть имени, кроме начального элемента ввода В. Н.
Дополнения к именам, кроме дат канд. техн. наук, теплоэнергетика
Расширение инициалов личного имени Виктор Наумович
Системный номер авторитетной/нормативной записи 207577
Идентификатор авторитетной/нормативной записи RU\NLR\AUTH\770207630
701 #1 - ИМЯ ЛИЦА - АЛЬТЕРНАТИВНАЯ ОТВЕТСТВЕННОСТЬ
Начальный элемент ввода Колодезникова
Часть имени, кроме начального элемента ввода А. Н.
Расширение инициалов личного имени Анна Николаевна
942 ## - ДОПОЛНИТЕЛЬНЫЕ ЭЛЕМЕНТЫ ЗАПИСИ (АБИС)
Тип экземпляра АБИС Книга
980 ## - КОЛЛЕКЦИЯ
Название коллекции НБР
980 ## - КОЛЛЕКЦИЯ
Название коллекции Национальная библиография

Нет доступных экземпляров.